ARRUPE JESUIT UNIVERSITY

CORONAVIRUS -STOP THE SPREAD - CLEAN,DISINFECT,COVER

An introduction to the Gospels and Acts / (Record no. 121161)

MARC details
000 -LEADER
fixed length control field 01545cam a2200337 a 4500
001 - CONTROL NUMBER
control field 15221573
003 - CONTROL NUMBER IDENTIFIER
control field ARRUPE
005 - DATE AND TIME OF LATEST TRANSACTION
control field 20141103173844.0
008 - FIXED-LENGTH DATA ELEMENTS--GENERAL INFORMATION
fixed length control field 080317s2008 miub b 001 0 eng
010 ## - LIBRARY OF CONGRESS CONTROL NUMBER
LC control number 2008011993
020 ## - INTERNATIONAL STANDARD BOOK NUMBER
International Standard Book Number 9780802845573 (pbk. : alk. paper)
020 ## - INTERNATIONAL STANDARD BOOK NUMBER
International Standard Book Number 0802845576 (pbk. : alk. paper)
035 ## - SYSTEM CONTROL NUMBER
System control number (OCoLC)ocn214322699
035 ## - SYSTEM CONTROL NUMBER
System control number (OCoLC)214322699
Canceled/invalid control number (OCoLC)192083023
040 ## - CATALOGING SOURCE
Original cataloging agency DLC
Transcribing agency DLC
Modifying agency YDX
-- BAKER
-- YDXCP
-- BTCTA
-- OCLCG
-- DLC
050 00 - LIBRARY OF CONGRESS CALL NUMBER
Classification number BS2548
Item number .P85 2008
082 00 - DEWEY DECIMAL CLASSIFICATION NUMBER
Classification number 226/.061
Edition number 22
300 ## - PHYSICAL DESCRIPTION
Other physical details maps ;
Dimensions 23 cm.
100 1# - MAIN ENTRY--PERSONAL NAME
Personal name Puskas, Charles B.
9 (RLIN) 12343
245 13 - TITLE STATEMENT
Title An introduction to the Gospels and Acts /
Statement of responsibility, etc Charles B. Puskas & David Crump.
260 ## - PUBLICATION, DISTRIBUTION, ETC. (IMPRINT)
Place of publication, distribution, etc Grand Rapids, Mich. :
Name of publisher, distributor, etc William B. Eerdmans Pub. Co.,
Date of publication, distribution, etc 2008.
300 ## - PHYSICAL DESCRIPTION
Extent xv, 210 p. :
504 ## - BIBLIOGRAPHY, ETC. NOTE
Bibliography, etc Includes bibliographical references and indexes.
505 0# - FORMATTED CONTENTS NOTE
Formatted contents note The historical context of the Gospels and Acts -- The historical methods of criticism -- The Gospel of Mark -- The Gospel of Matthew -- Literary features of Luke-Acts -- Key themes of Luke-Acts -- The Gospel of John.
630 00 - SUBJECT ADDED ENTRY--UNIFORM TITLE
Uniform title Bible.
Name of part/section of a work Gospels
Form subdivision Introductions.
9 (RLIN) 12344
630 00 - SUBJECT ADDED ENTRY--UNIFORM TITLE
Uniform title Bible.
Name of part/section of a work Acts
Form subdivision Introductions.
9 (RLIN) 12345
700 1# - ADDED ENTRY--PERSONAL NAME
Personal name Crump, David,
Dates associated with a name 1956-
9 (RLIN) 12346
856 41 - ELECTRONIC LOCATION AND ACCESS
Materials specified Table of contents only
Uniform Resource Identifier <a href="http://www.loc.gov/catdir/toc/ecip0814/2008011993.html">http://www.loc.gov/catdir/toc/ecip0814/2008011993.html</a>
906 ## - LOCAL DATA ELEMENT F, LDF (RLIN)
a 7
b cbc
c orignew
d 1
e ecip
f 20
g y-gencatlg
942 ## - ADDED ENTRY ELEMENTS (KOHA)
Source of classification or shelving scheme Library of Congress Classification
Koha item type Monograph ( Printed materials)
Holdings
Withdrawn status Lost status Source of classification or shelving scheme Damaged status Not for loan Collection code Home library Current library Shelving location Date acquired Total Checkouts Full call number Barcode Date last seen Price effective from Koha item type
    Library of Congress Classification     Main Collection ARRUPE LIBRARY ARRUPE LIBRARY Main Collection 03/11/2014   BS2548 .P85 2008 46500001491 03/11/2014 03/11/2014 Monograph ( Printed materials)

 

Arrupe Library. PO Box MP320 Mt Pleasant, Harare, Zimbabwe
263 242 745411|librarian@aju.ac.zw